000 00433nam a22001457a 4500
005 20180801132054.0
020 _a8177081020
_c760.00
035 _aB-219901, B-219907
037 _aDPL
_bENG
100 _aRao, Hemlata
245 _aFiscal federalism :
_bIssues and policies /
_cby Hemlata Rao
260 _aNew Delhi
_bNew Century Publications
_c2006
300 _av, 355p.
_c20 cms.
942 _2ddc
_cEN
_h336.54
_mRAO
999 _c66911
_d66911